[Event "World Corporate East C"]
[Site "Chess.com INT"]
[Date "2021.02.20"]
[Round "5.6"]
[White "Ragozin, Andrei"]
[Black "Vallet, Vincent"]
[Result "1-0"]
[WhiteElo "2021"]
[BlackElo "1779"]
[PlyCount "83"]
[EventDate "2021.02.19"]
[EventType "team (rapid)"]
[EventRounds "7"]
[EventCountry "USA"]
[SourceTitle "EXT 2022"]
[Source "ChessBase"]
[SourceDate "2021.10.06"]
[SourceVersion "1"]
[SourceVersionDate "2021.10.06"]
[SourceQuality "1"]
[WhiteTeam "Tensor"]
[BlackTeam "Arcelormittal"]
[WhiteTeamCountry "RUS"]
[BlackTeamCountry "FRA"]

1. d4 d5 2. c4 c6 3. Nc3 Nf6 4. Nf3 a6 5. c5 b5 6. cxb6 Qxb6 7. e3 Bg4 8. Be2 Bxf3 9. Bxf3 e6 10. 0-0 Be7 11. Na4 Qa7 12. Bd2 0-0 13. Qc2 Nbd7 14. Rfc1 Rfc8 15. Ba5 c5 16. dxc5 Bxc5 17. Qd2 Bd6 18. h3 Ne5 19. Be2 Ne4 20. Qe1 Rxc1 21. Rxc1 h6 22. Nb6 Rb8 23. Nc8 Qd7 24. Nxd6 Nxd6 25. b3 Nb5 26. Qd2 Rc8 27. a4 Rxc1+ 28. Qxc1 Nd6 29. Qc3 Nc6 30. Bb6 Ne4 31. Qc1 Qb7 32. a5 Ne5 33. Qc2 Nd7 34. Qc7 Qxc7 35. Bxc7 Ndc5 36. b4 Nb3 37. Bxa6 Nc1 38. f3 Nc3 39. b5 N1e2+ 40. Kf2 Kf8 41. b6 Nc1 42. b7 1-0

[Event "Novosibirsk-ch open"]
[Site "Novosibirsk"]
[Date "2011.10.12"]
[Round "9"]
[White "Ragozin, Andrei"]
[Black "Kamrukov, Alexey"]
[Result "1/2-1/2"]
[WhiteElo "2116"]
[BlackElo "2032"]
[PlyCount "20"]
[EventDate "2011.09.29"]
[EventType "swiss"]
[EventRounds "9"]
[EventCountry "RUS"]
[SourceTitle "EXT 2012"]
[Source "ChessBase"]
[SourceDate "2011.11.24"]
[SourceVersion "1"]
[SourceVersionDate "2011.11.24"]
[SourceQuality "1"]

1. d4 d5 2. c4 c6 3. cxd5 cxd5 4. Nc3 Nf6 5. Nf3 Nc6 6. Bf4 Bf5 7. e3 e6 8. Bb5 Nd7 9. Qa4 Rc8 10. 0-0 a6 1/2-1/2

[Event "Novosibirsk-ch open"]
[Site "Novosibirsk"]
[Date "2011.10.04"]
[Round "4"]
[White "Gubsky, Egor"]
[Black "Ragozin, Andrei"]
[Result "1/2-1/2"]
[WhiteElo "2001"]
[BlackElo "2116"]
[PlyCount "128"]
[EventDate "2011.09.29"]
[EventType "swiss"]
[EventRounds "9"]
[EventCountry "RUS"]
[SourceTitle "EXT 2012"]
[Source "ChessBase"]
[SourceDate "2011.11.24"]
[SourceVersion "1"]
[SourceVersionDate "2011.11.24"]
[SourceQuality "1"]

1. d4 d5 2. c4 c6 3. Nf3 Nf6 4. Nc3 dxc4 5. a4 Bf5 6. e3 e6 7. Bxc4 Bb4 8. 0-0 0-0 9. Qb3 Qe7 10. Na2 Bd6 11. Re1 Ne4 12. Bd3 Qc7 13. Qc2 Nf6 14. e4 Bg4 15. e5 Bxf3 16. gxf3 Be7 17. exf6 Bxf6 18. Re4 Nd7 19. Bf4 Qa5 20. Kh1 Qh5 21. Be2 Rfd8 22. Rg1 Rac8 23. b4 Nb6 24. Be5 Bxe5 25. Rxe5 Qh4 26. a5 Nd5 27. Reg5 g6 28. Qd2 Qxf2 29. R5g4 Qe3 30. Qxe3 Nxe3 31. Re4 Nf5 32. Rd1 Rd6 33. Nc1 Rcd8 34. Nb3 Ne7 35. Bc4 b5 36. axb6 axb6 37. Ra1 b5 38. Bf1 Nd5 39. Na5 Rb8 40. Rc1 Nxb4 41. d5 Nxd5 42. Nxc6 Rc8 43. Bxb5 Kg7 44. Rec4 Ne3 45. Rc5 Rd2 46. Re5 Nf5 47. Ree1 Rf2 48. Ne5 Rxc1 49. Rxc1 Nd4 50. Bc6 Re2 51. Rd1 Nf5 52. Be4 Ne3 53. Rc1 f5 54. Bb7 Rb2 55. Bc8 Kf6 56. Re1 Kxe5 57. Rxe3+ Kf4 58. Rc3 e5 59. Be6 e4 60. fxe4 fxe4 61. Kg1 Rd2 62. Rh3 h5 63. Bf7 e3 64. Kf1 Rd6 1/2-1/2

[Event "Novosibirsk-ch open"]
[Site "Novosibirsk"]
[Date "2011.10.01"]
[Round "2"]
[White "Kuzmin, Georgy"]
[Black "Ragozin, Andrei"]
[Result "1/2-1/2"]
[WhiteElo "2136"]
[BlackElo "2116"]
[PlyCount "20"]
[EventDate "2011.09.29"]
[EventType "swiss"]
[EventRounds "9"]
[EventCountry "RUS"]
[SourceTitle "EXT 2012"]
[Source "ChessBase"]
[SourceDate "2011.11.24"]
[SourceVersion "1"]
[SourceVersionDate "2011.11.24"]
[SourceQuality "1"]

1. e4 e5 2. Nc3 Nf6 3. Bc4 Nxe4 4. Qh5 Nd6 5. Bb3 Be7 6. Nf3 0-0 7. Nxe5 Nc6 8. 0-0 Nxe5 9. Qxe5 Bf6 10. Qf4 Bg5 1/2-1/2

[Event "Novosibirsk Sukharev Memorial op"]
[Site "Novosibirsk"]
[Date "2011.07.25"]
[Round "8"]
[White "Solomin, Vyacheslav"]
[Black "Ragozin, Andrei"]
[Result "1/2-1/2"]
[WhiteElo "1953"]
[BlackElo "2120"]
[PlyCount "53"]
[EventDate "2011.07.18"]
[EventType "swiss"]
[EventRounds "9"]
[EventCountry "RUS"]
[SourceTitle "EXT 2012"]
[Source "ChessBase"]
[SourceDate "2011.11.24"]
[SourceVersion "1"]
[SourceVersionDate "2011.11.24"]
[SourceQuality "1"]

1. d4 d5 2. Nf3 Nf6 3. Bf4 c5 4. e3 Nc6 5. c3 e6 6. Nbd2 Bd6 7. Bxd6 Qxd6 8. Be2 0-0 9. 0-0 e5 10. dxe5 Nxe5 11. Nxe5 Qxe5 12. Bf3 b6 13. g3 Rb8 14. Re1 Rd8 15. Qa4 a6 16. Qf4 Qxf4 17. gxf4 Bf5 18. Nb3 a5 19. a3 Rd6 20. Nd2 Kf8 21. Rad1 Rbd8 22. Nf1 Be4 23. Bxe4 dxe4 24. Rxd6 Rxd6 25. Re2 Ke7 26. Nd2 b5 27. Kg2 1/2-1/2

[Event "Novosibirsk Sukharev Memorial op"]
[Site "Novosibirsk"]
[Date "2011.07.24"]
[Round "7"]
[White "Ragozin, Andrei"]
[Black "Ershov, Kirill"]
[Result "1/2-1/2"]
[WhiteElo "2120"]
[BlackElo "1912"]
[PlyCount "50"]
[EventDate "2011.07.18"]
[EventType "swiss"]
[EventRounds "9"]
[EventCountry "RUS"]
[SourceTitle "EXT 2012"]
[Source "ChessBase"]
[SourceDate "2011.11.24"]
[SourceVersion "1"]
[SourceVersionDate "2011.11.24"]
[SourceQuality "1"]

1. c4 c5 2. Nc3 Nc6 3. Nf3 e5 4. g3 g6 5. Bg2 Bg7 6. d3 d6 7. h3 Nge7 8. 0-0 0-0 9. Nh2 Rb8 10. e4 a6 11. f4 b5 12. Nd5 Nxd5 13. exd5 Nd4 14. Rb1 b4 15. fxe5 Bxe5 16. Nf3 Bg7 17. Kh1 Nf5 18. Bf4 h5 19. Kh2 Re8 20. Qd2 b3 21. a3 Nd4 22. Bg5 Qc7 23. Nxd4 Bxd4 24. Be4 f5 25. Bf3 a5 1/2-1/2

[Event "Novosibirsk Sukharev Memorial op"]
[Site "Novosibirsk"]
[Date "2011.07.23"]
[Round "6"]
[White "Kuzmin, Georgy"]
[Black "Ragozin, Andrei"]
[Result "1-0"]
[WhiteElo "2084"]
[BlackElo "2120"]
[PlyCount "147"]
[EventDate "2011.07.18"]
[EventType "swiss"]
[EventRounds "9"]
[EventCountry "RUS"]
[SourceTitle "EXT 2012"]
[Source "ChessBase"]
[SourceDate "2011.11.24"]
[SourceVersion "1"]
[SourceVersionDate "2011.11.24"]
[SourceQuality "1"]

1. e4 e5 2. Nc3 Nf6 3. Bc4 Nxe4 4. Qh5 Nd6 5. Bb3 Nc6 6. Nb5 g6 7. Qf3 f5 8. Qd5 Qe7 9. Nxc7+ Kd8 10. Nxa8 b6 11. Qd3 Bb7 12. Ne2 Bxa8 13. 0-0 g5 14. Nc3 Bb7 15. Nb5 Nxb5 16. Qxb5 Nd4 17. Qd3 Bg7 18. f3 Qc5 19. Kh1 Nxf3 20. gxf3 e4 21. Qc4 exf3 22. Qxc5 bxc5 23. d4 Bxd4 24. Bxg5+ Kc8 25. h4 Be5 26. Rf2 Bg3 27. Kg1 Re8 28. Bc4 h6 29. Bf6 Re4 30. Rxf3 Rg4 31. Rxg3 Rxg3+ 32. Kf1 Rh3 33. Re1 Be4 34. Bd3 d5 35. Bxe4 fxe4 36. Kg2 Rf3 37. Rf1 Re3 38. Kf2 d4 39. Bg7 Rh3 40. Be5 Rxh4 41. Kg3 Rh5 42. Bf4 Kb7 43. Kg4 Rd5 44. Bxh6 Rd7 45. Re1 e3 46. Kf3 Rf7+ 47. Bf4 Kc6 48. Ke4 Rg7 49. Re2 Re7+ 50. Be5 Rf7 51. Bxd4 cxd4 52. Kxd4 Rb7 53. b3 Rd7+ 54. Kxe3 Kc5 55. c3 Rd6 56. Rd2 Re6+ 57. Kd3 Ra6 58. a4 Rh6 59. b4+ Kb6 60. Kc4 Rh4+ 61. Rd4 Rh1 62. a5+ Kc6 63. b5+ Kc7 64. Kc5 Rh7 65. c4 Rg7 66. b6+ axb6+ 67. axb6+ Kb7 68. Kb5 Rg1 69. Rd7+ Kb8 70. Kc6 Rg6+ 71. Rd6 Rg8 72. c5 Rh8 73. b7 Rg8 74. Kb6 1-0

[Event "Novosibirsk U16"]
[Site "Novosibirsk"]
[Date "2010.10.04"]
[Round "7"]
[White "Ragozin, Andrei"]
[Black "Gubsky, Egor"]
[Result "1-0"]
[WhiteElo "2110"]
[BlackElo "1994"]
[PlyCount "73"]
[EventDate "2010.09.26"]
[EventType "swiss"]
[EventRounds "7"]
[EventCountry "RUS"]
[SourceTitle "EXT 2022"]
[Source "ChessBase"]
[SourceDate "2021.10.06"]
[SourceVersion "1"]
[SourceVersionDate "2021.10.06"]
[SourceQuality "1"]

1. d4 Nf6 2. c4 e6 3. Nf3 b6 4. g3 Bb7 5. Bg2 Be7 6. 0-0 0-0 7. Nc3 Ne4 8. Qc2 Nxc3 9. bxc3 d6 10. Ng5 Bxg5 11. Bxb7 Bxc1 12. Bxa8 Bg5 13. Be4 g6 14. h4 Bf6 15. h5 e5 16. Rad1 Nd7 17. hxg6 fxg6 18. Qa4 a5 19. Bc6 Nb8 20. c5 exd4 21. cxd4 dxc5 22. dxc5 Qe7 23. cxb6 cxb6 24. Bb5 Be5 25. Qb3+ Kg7 26. Qe3 Qf6 27. Rd5 Bc3 28. Rc1 Bb4 29. Rc7+ Kh8 30. Qd4 Qxd4 31. Rxd4 Bc5 32. Rf4 Rxf4 33. gxf4 Bd6 34. Rb7 Bxf4 35. Rxb6 g5 36. e3 Be5 37. Re6 1-0

[Event "Novosibirsk U16"]
[Site "Novosibirsk"]
[Date "2010.10.01"]
[Round "5"]
[White "Danilov, Alexey"]
[Black "Ragozin, Andrei"]
[Result "0-1"]
[WhiteElo "1942"]
[BlackElo "2110"]
[PlyCount "222"]
[EventDate "2010.09.26"]
[EventType "swiss"]
[EventRounds "7"]
[EventCountry "RUS"]
[SourceTitle "EXT 2022"]
[Source "ChessBase"]
[SourceDate "2021.10.06"]
[SourceVersion "1"]
[SourceVersionDate "2021.10.06"]
[SourceQuality "1"]

1. c4 c6 2. d4 d5 3. Nf3 Nf6 4. Nc3 dxc4 5. a4 Bf5 6. Ne5 Nbd7 7. Nxc4 Nb6 8. Ne5 e6 9. f3 Bb4 10. e4 Bg6 11. Be3 0-0 12. Bd3 Nfd7 13. Nxd7 Nxd7 14. 0-0 e5 15. dxe5 Nxe5 16. Be2 Qe7 17. Qb3 Nd7 18. Rfd1 Bc5 19. Bxc5 Nxc5 20. Qc4 Kh8 21. b4 Nd7 22. Qd4 Rfd8 23. Qd6 Qf6 24. Qxf6 Nxf6 25. b5 Kg8 26. Rab1 c5 27. b6 a6 28. a5 Kf8 29. Rbc1 Rxd1+ 30. Bxd1 Rc8 31. Na4 Nd7 32. Bb3 f6 33. Bd5 Ke7 34. Bxb7 Rb8 35. Bxa6 Ra8 36. b7 Rxa6 37. Nxc5 Ra7 38. Rd1 Nb8 39. a6 Be8 40. Kf2 Bb5 41. Rc1 Kd6 42. Kg3 Bxa6 43. Nxa6 Nxa6 44. Ra1 Kc7 45. Ra5 Kxb7 46. Rh5 h6 47. Kf4 Kc6 48. Ra5 Kb6 49. Ra1 Re7 50. h4 Nc5 51. Kf5 Kc6 52. Kg6 Ne6 53. g3 Nf8+ 54. Kf5 Re5+ 55. Kg4 Rc5 56. Ra7 Ne6 57. Ra6+ Kd7 58. h5 Ke7 59. f4 Kf7 60. Ra7+ Rc7 61. Ra4 Nd8 62. Kf5 Nb7 63. e5 fxe5 64. fxe5 Nd8 65. Re4 Nc6 66. g4 Rb7 67. Ra4 Rc7 68. Ra6 Rc8 69. Ra1 Rc7 70. Ra6 Nd4+ 71. Ke4 Ne6 72. Kf5 Nc5 73. Ra5 Nb7 74. Rb5 Nd8 75. Rd5 Nc6 76. e6+ Ke8 77. Rd1 Ne7+ 78. Ke5 Rc5+ 79. Ke4 Rc4+ 80. Kf3 Nc6 81. Ra1 Ke7 82. Re1 Nd4+ 83. Kg3 Nxe6 84. Re3 Rc5 85. Kf3 Kf6 86. Kg3 Re5 87. Rf3+ Kg5 88. Ra3 Nd4 89. Ra7 Ne6 90. Ra4 Re3+ 91. Kf2 Rd3 92. Ra6 Kf6 93. Ra4 Ke5 94. Ra5+ Rd5 95. Ra4 Rd4 96. Ra5+ Kf4 97. Ra6 Re4 98. Ra1 Kxg4 99. Rh1 Ng5 100. Rh2 Nh3+ 101. Kf1 Re3 102. Ra2 Kxh5 103. Ra5+ g5 104. Ra4 g4 105. Ra5+ Kh4 106. Ra6 h5 107. Ra4 Rf3+ 108. Kg2 Nf4+ 109. Kh2 g3+ 110. Kg1 Kh3 111. Ra2 g2 0-1

[Event "Novosibirsk U16"]
[Site "Novosibirsk"]
[Date "2010.09.29"]
[Round "3"]
[White "Ragozin, Andrei"]
[Black "Moskalev, Alexander"]
[Result "1/2-1/2"]
[WhiteElo "2110"]
[BlackElo "2004"]
[PlyCount "35"]
[EventDate "2010.09.26"]
[EventType "swiss"]
[EventRounds "7"]
[EventCountry "RUS"]
[SourceTitle "EXT 2022"]
[Source "ChessBase"]
[SourceDate "2021.10.06"]
[SourceVersion "1"]
[SourceVersionDate "2021.10.06"]
[SourceQuality "1"]

1. d4 d5 2. c4 c6 3. Nc3 Nf6 4. Nf3 dxc4 5. a4 Bf5 6. e3 e6 7. Bxc4 Bb4 8. 0-0 Nbd7 9. Qb3 a5 10. h3 h6 11. Na2 Be7 12. Re1 0-0 13. Nd2 Qc7 14. e4 Bh7 15. e5 Nd5 16. Ne4 N5b6 17. Bd3 Rfd8 18. Qc2 1/2-1/2

[Event "Berdsk Maestro op 16th"]
[Site "Berdsk"]
[Date "2010.07.14"]
[Round "7"]
[White "Ragozin, Andrei"]
[Black "Tuzhik, Artem"]
[Result "1/2-1/2"]
[WhiteElo "2120"]
[BlackElo "2320"]
[PlyCount "135"]
[EventDate "2010.07.08"]
[EventType "swiss"]
[EventRounds "9"]
[EventCountry "RUS"]
[SourceTitle "EXT 2011"]
[Source "ChessBase"]
[SourceDate "2010.11.26"]
[SourceVersion "1"]
[SourceVersionDate "2010.11.26"]
[SourceQuality "1"]

1. d4 Nf6 2. Nf3 c5 3. dxc5 e6 4. a3 Bxc5 5. b4 Be7 6. Bb2 a5 7. c3 0-0 8. e3 b6 9. Be2 Ba6 10. 0-0 Qc7 11. Nbd2 d5 12. Rc1 Bxe2 13. Qxe2 Qb7 14. e4 Nxe4 15. Nxe4 dxe4 16. Nd2 Bg5 17. Rce1 f5 18. Nb3 Nc6 19. f3 a4 20. Na1 Rad8 21. Qc4 Rfe8 22. fxe4 Ne5 23. Qb5 Nd3 24. Re2 Nxb2 25. Rxb2 Qxe4 26. Qxa4 Be3+ 27. Kh1 Qd3 28. Rbb1 Qxc3 29. Rfd1 f4 30. Qb5 Rf8 31. a4 h6 32. a5 bxa5 33. bxa5 Rxd1+ 34. Rxd1 f3 35. gxf3 Bd4 36. Qe2 Qxf3+ 37. Qxf3 Rxf3 38. Nc2 Bc5 39. a6 Rc3 40. Nb4 Ra3 41. Rd8+ Kh7 42. Nd3 Be7 43. Rd7 Bf6 44. Nc5 e5 45. a7 Kg6 46. Rb7 e4 47. Nxe4 Bd4 48. Nd6 Bxa7 49. Nb5 Ra1+ 50. Kg2 Ra2+ 51. Kf3 Bg1 52. h3 Bh2 53. Rb6+ Kh5 54. Nd4 Bg1 55. Rb4 g5 56. Ne2 Bh2 57. Rb6 Ra3+ 58. Kg2 Bc7 59. Rc6 Bb8 60. Rb6 Ba7 61. Rc6 Ra2 62. Kf3 Bb8 63. Rb6 Ra3+ 64. Kg2 Be5 65. Re6 Re3 66. Kf2 Rxh3 67. Rxe5 Kh4 68. Kg2 1/2-1/2

[Event "Berdsk Maestro op 16th"]
[Site "Berdsk"]
[Date "2010.07.13"]
[Round "6"]
[White "Tsepennikov, Arseniy"]
[Black "Ragozin, Andrei"]
[Result "0-1"]
[WhiteElo "2050"]
[BlackElo "2120"]
[PlyCount "86"]
[EventDate "2010.07.08"]
[EventType "swiss"]
[EventRounds "9"]
[EventCountry "RUS"]
[SourceTitle "EXT 2011"]
[Source "ChessBase"]
[SourceDate "2010.11.26"]
[SourceVersion "1"]
[SourceVersionDate "2010.11.26"]
[SourceQuality "1"]

1. d4 d5 2. Nf3 Nf6 3. Bf4 e6 4. Nbd2 c5 5. c3 Nc6 6. e3 Bd6 7. Bg3 0-0 8. Bd3 b6 9. Ne5 Bb7 10. f4 c4 11. Bc2 b5 12. Bh4 Be7 13. g4 Nd7 14. g5 Ncxe5 15. dxe5 d4 16. Be4 dxe3 17. Bxb7 exd2+ 18. Qxd2 Rb8 19. Be4 Nc5 20. Qc2 Nxe4 21. Qxe4 Bc5 22. Rf1 Qb6 23. Bf2 Rfd8 24. Qe2 Rd3 25. Rd1 Rbd8 26. Rxd3 Rxd3 27. Bxc5 Qxc5 28. Qf2 Qc7 29. Qg2 Qd8 30. Qe2 Qd5 31. a3 a5 32. Rg1 g6 33. Rg2 Kg7 34. Rf2 Qb7 35. Rg2 b4 36. axb4 axb4 37. cxb4 Qxb4+ 38. Kf1 Qb7 39. Kg1 Qd5 40. h4 Rh3 41. Rh2 Qd4+ 42. Qf2 Qd1+ 43. Kg2 Rd3 0-1

[Event "Novosibirsk Region-ch"]
[Site "Novosibirsk"]
[Date "2009.12.05"]
[Round "3"]
[White "Ragozin, Andrei"]
[Black "Bublei, Pavel"]
[Result "1/2-1/2"]
[WhiteElo "2110"]
[BlackElo "2237"]
[PlyCount "79"]
[EventDate "2009.12.04"]
[EventType "swiss"]
[EventRounds "9"]
[EventCountry "RUS"]
[SourceTitle "EXT 2011"]
[Source "ChessBase"]
[SourceDate "2010.11.26"]
[SourceVersion "1"]
[SourceVersionDate "2010.11.26"]
[SourceQuality "1"]

1. d4 Nf6 2. Nf3 g6 3. g3 Bg7 4. Bg2 0-0 5. 0-0 d5 6. Nbd2 Nbd7 7. c4 c6 8. b3 e5 9. Nxe5 Nxe5 10. dxe5 Ng4 11. cxd5 cxd5 12. Ba3 Re8 13. Nf3 Nxe5 14. Rc1 Nxf3+ 15. Bxf3 Be6 16. Qd2 Qd7 17. Rfd1 Rad8 18. Qf4 Qb5 19. Rc7 Qa5 20. Be7 Rc8 21. Rxb7 Qa6 22. Rc7 Rxc7 23. Qxc7 Qxa2 24. b4 Qa4 25. Rc1 Bb2 26. Qc2 Qa3 27. Rb1 Bg7 28. Bc5 Qa6 29. Rd1 Rd8 30. Qd3 Qa4 31. Kg2 d4 32. Qd2 Bb3 33. Rc1 Bf6 34. Qf4 Kg7 35. Qc7 Qa3 36. Re1 Bd5 37. Bxd5 Rxd5 38. Qxa7 Qc3 39. Qa1 Qxa1 40. Rxa1 1/2-1/2

[Event "Novosibirsk Sukharev Memorial op"]
[Site "Novosibirsk"]
[Date "2009.07.20"]
[Round "3"]
[White "Beletsky, Alexey"]
[Black "Ragozin, Andrei"]
[Result "1/2-1/2"]
[WhiteElo "2342"]
[BlackElo "2058"]
[PlyCount "131"]
[EventDate "2009.07.18"]
[EventType "swiss"]
[EventRounds "9"]
[EventCountry "RUS"]
[SourceTitle "CBM 131 Extra"]
[Source "ChessBase"]
[SourceDate "2009.09.03"]
[SourceVersion "2"]
[SourceVersionDate "2009.09.16"]
[SourceQuality "1"]

1. e4 e5 2. d4 exd4 3. Nf3 Nc6 4. Nxd4 Bc5 5. Nxc6 Qf6 6. Qf3 Qxc6 7. Nc3 Ne7 8. Bb5 Qb6 9. 0-0 0-0 10. Bd3 d6 11. Na4 Qc6 12. Nxc5 Qxc5 13. Qe3 Qxe3 14. Bxe3 Re8 15. Rfe1 Bd7 16. Rad1 Bc6 17. f3 Ng6 18. c3 Ne5 19. Bc2 Kf8 20. Kf2 f6 21. b3 b6 22. h3 Re7 23. Bc1 a5 24. f4 Ng6 25. Re2 a4 26. Rde1 axb3 27. axb3 Ra2 28. g3 Bd7 29. h4 Bg4 30. Rd2 Re8 31. Bb1 Rxd2+ 32. Bxd2 Kf7 33. Bd3 Ra8 34. Ke3 Nf8 35. b4 Be6 36. Rg1 Bg4 37. Bc4+ Be6 38. Be2 Re8 39. Kf2 d5 40. exd5 Bxd5 41. Ra1 Ra8 42. Rxa8 Bxa8 43. Bc4+ Ke7 44. g4 f5 45. g5 Be4 46. Ke3 Kd6 47. Be2 g6 48. c4 c5 49. Bc3 Ne6 50. h5 Bc6 51. h6 Be8 52. Be5+ Kd7 53. bxc5 bxc5 54. Kd3 Kc6 55. Kc3 Kb6 56. Kb3 Bc6 57. Bd3 Be8 58. Bc2 Bf7 59. Kc3 Be8 60. Bd3 Bf7 61. Bb1 Be8 62. Bc2 Kb7 63. Bd1 Kb6 64. Bf3 Bf7 65. Bd5 Bg8 66. Bd6 1/2-1/2

[Event "Naukograd Koltsovo op"]
[Site "Novosibirsk"]
[Date "2009.07.06"]
[Round "9"]
[White "Ragozin, Andrei"]
[Black "Severinov, Alexander"]
[Result "1/2-1/2"]
[WhiteElo "2047"]
[BlackElo "1831"]
[PlyCount "26"]
[EventDate "2009.06.28"]
[EventType "swiss"]
[EventRounds "9"]
[EventCountry "RUS"]
[SourceTitle "EXT 2021"]
[Source "ChessBase"]
[SourceDate "2020.10.23"]
[SourceVersion "1"]
[SourceVersionDate "2020.10.23"]
[SourceQuality "1"]

1. d4 Nf6 2. c4 g6 3. Nc3 d5 4. cxd5 Nxd5 5. e4 Nxc3 6. bxc3 Bg7 7. Bc4 0-0 8. Ne2 c5 9. 0-0 Nc6 10. Be3 Qc7 11. Rc1 Rd8 12. a3 a6 13. Qb3 e6 1/2-1/2

[Event "RUS-ch U14"]
[Site "Dagomys"]
[Date "2009.04.22"]
[Round "8"]
[White "Ragozin, Andrei"]
[Black "Sanzhaev, Darsen"]
[Result "1/2-1/2"]
[WhiteElo "2047"]
[BlackElo "2120"]
[PlyCount "84"]
[EventDate "2009.04.15"]
[EventType "swiss"]
[EventRounds "9"]
[EventCountry "RUS"]
[SourceTitle "CBM 130 Extra"]
[Source "ChessBase"]
[SourceDate "2009.07.02"]
[SourceVersion "2"]
[SourceVersionDate "2009.07.15"]
[SourceQuality "1"]

1. Nf3 d5 2. d4 Nf6 3. c4 e6 4. Nc3 c6 5. cxd5 exd5 6. Bg5 Be7 7. Qc2 g6 8. e3 Bf5 9. Bd3 Bxd3 10. Qxd3 Nbd7 11. 0-0 0-0 12. Rfb1 a5 13. Nd2 Re8 14. Re1 Ne4 15. Bxe7 Qxe7 16. Ncxe4 dxe4 17. Qb3 Qb4 18. Qc2 Qe7 19. Qb3 Nf6 20. a3 Nd5 21. Rac1 Kg7 22. Nc4 a4 23. Qc2 h5 24. Nd2 h4 25. h3 Qe6 26. Nc4 f6 27. Qe2 b5 28. Nd2 f5 29. Rc5 Rad8 30. Rec1 Rd6 31. Nf1 Rf8 32. Qc2 Rf6 33. Qd2 g5 34. Qa5 Rg6 35. Qa7+ Kh6 36. Qa8 Kh7 37. Qa7+ Kh6 38. Qa8 Kh5 39. g3 Rh6 40. Qf8 Rf6 41. Qh8+ Rh6 42. Qf8 Rf6 1/2-1/2

[Event "RUS-ch U14"]
[Site "Dagomys"]
[Date "2009.04.18"]
[Round "4"]
[White "Ragozin, Andrei"]
[Black "Vakhlamov, Igor L"]
[Result "1/2-1/2"]
[WhiteElo "2047"]
[BlackElo "2127"]
[PlyCount "80"]
[EventDate "2009.04.15"]
[EventType "swiss"]
[EventRounds "9"]
[EventCountry "RUS"]
[SourceTitle "CBM 130 Extra"]
[Source "ChessBase"]
[SourceDate "2009.07.02"]
[SourceVersion "2"]
[SourceVersionDate "2009.07.15"]
[SourceQuality "1"]

1. d4 d5 2. c4 c6 3. Nc3 Nf6 4. Nf3 a6 5. cxd5 cxd5 6. Bf4 Nc6 7. e3 Bg4 8. h3 Bxf3 9. Qxf3 e6 10. Bd3 Bd6 11. 0-0 Bxf4 12. Qxf4 0-0 13. Rac1 Rc8 14. Qg3 b5 15. f4 Ne7 16. Qf3 Nd7 17. g4 f5 18. gxf5 Nxf5 19. a3 Nb6 20. Rc2 Nc4 21. Nd1 Qf6 22. Kh2 Ncd6 23. Re2 Rc1 24. Rg1 Rfc8 25. Qg4 R8c7 26. Nf2 Qh4 27. Bxf5 Nxf5 28. Rxc1 Rxc1 29. Qxh4 Nxh4 30. Nd3 Rc7 31. Nc5 Rc6 32. Kg1 Nf5 33. Kf2 Kf7 34. Re1 Nd6 35. Kf3 Nc4 36. Re2 Nd6 37. Nd3 Ke7 38. Nb4 Rb6 39. Rc2 Kd7 40. Nd3 Nc4 1/2-1/2

[Event "RUS-ch U14"]
[Site "Dagomys"]
[Date "2009.04.16"]
[Round "2"]
[White "Ragozin, Andrei"]
[Black "Klenin, Georgiy"]
[Result "1-0"]
[WhiteElo "2047"]
[BlackElo "1620"]
[PlyCount "57"]
[EventDate "2009.04.15"]
[EventType "swiss"]
[EventRounds "9"]
[EventCountry "RUS"]
[SourceTitle "EXT 2012"]
[Source "ChessBase"]
[SourceDate "2011.11.24"]
[SourceVersion "1"]
[SourceVersionDate "2011.11.24"]
[SourceQuality "1"]

1. d4 d5 2. c4 e6 3. Nf3 c6 4. cxd5 exd5 5. Nc3 Bf5 6. Bf4 Nf6 7. e3 Be7 8. Bd3 Bg6 9. 0-0 Nbd7 10. h3 0-0 11. Bxg6 fxg6 12. Qb3 Nb6 13. Ne5 Nfd7 14. Bh2 Bf6 15. Rad1 Qc8 16. e4 Bxe5 17. Bxe5 Nxe5 18. dxe5 Kh8 19. exd5 cxd5 20. Nxd5 Qc4 21. Qxc4 Nxc4 22. e6 Nxb2 23. Rd4 Rac8 24. e7 Rfe8 25. Rb1 Nc4 26. Rxb7 Nd6 27. Rd7 Nf5 28. Re4 Kg8 29. Nc7 1-0

[Event "Dimitrovgrad-ch"]
[Site "Dimitrovgrad"]
[Date "2009.??.??"]
[Round "4"]
[White "Ragozin, Andrei"]
[Black "Pyltsina, Ekaterina"]
[Result "1-0"]
[WhiteElo "2055"]
[BlackElo "1855"]
[PlyCount "66"]
[EventDate "2009.08.??"]
[EventType "swiss"]
[EventRounds "9"]
[EventCountry "RUS"]
[SourceTitle "EXT 2012"]
[Source "ChessBase"]
[SourceDate "2011.11.24"]
[SourceVersion "1"]
[SourceVersionDate "2011.11.24"]
[SourceQuality "1"]

1. Nf3 c5 2. c4 Nf6 3. b3 g6 4. Bb2 Bg7 5. g3 0-0 6. Bg2 Nc6 7. 0-0 d5 8. cxd5 Nxd5 9. Bxg7 Kxg7 10. Qc2 Qd6 11. Na3 Ncb4 12. Qb2+ Qf6 13. Qxf6+ Nxf6 14. Rfc1 b6 15. Ne5 Rb8 16. Nb5 a5 17. a3 Nd7 18. axb4 Nxe5 19. bxa5 Bd7 20. Nc7 bxa5 21. Na6 Rb5 22. Nxc5 Bf5 23. d4 Rc8 24. e4 Bg4 25. h3 Nf3+ 26. Bxf3 Bxf3 27. Rc3 Be2 28. Re1 Rbxc5 29. Rxc5 Ba6 30. Rxc8 Bxc8 31. Ra1 Bxh3 32. Rxa5 Kf6 33. Ra6+ e6 1-0

[Event "Novosibirsk Region-ch final"]
[Site "Novosibirsk"]
[Date "2008.12.13"]
[Round "9"]
[White "Ragozin, Andrei"]
[Black "Makarevich, Julia"]
[Result "1-0"]
[WhiteElo "2046"]
[BlackElo "1920"]
[PlyCount "121"]
[EventDate "2008.12.05"]
[EventType "swiss"]
[EventRounds "9"]
[EventCountry "RUS"]
[SourceTitle "EXT 2010"]
[Source "ChessBase"]
[SourceDate "2010.11.25"]
[SourceVersion "1"]
[SourceVersionDate "2010.11.25"]
[SourceQuality "1"]

1. d4 Nf6 2. Nf3 g6 3. g3 Bg7 4. Bg2 0-0 5. 0-0 d5 6. Nbd2 c6 7. c4 Nbd7 8. b3 e5 9. dxe5 Ng4 10. cxd5 cxd5 11. Bb2 Ngxe5 12. Nxe5 Nxe5 13. Kh1 Re8 14. Nf3 Nc6 15. Bxg7 Kxg7 16. Qd2 Be6 17. Rfd1 Qf6 18. Qg5 Qb2 19. Qd2 Qf6 20. Kg1 Rad8 21. Rac1 d4 22. Qg5 Qxg5 23. Nxg5 Bd5 24. Rd2 h6 25. Bxd5 Rxd5 26. Nf3 g5 27. e3 d3 28. Rc3 g4 29. Ne1 Ne5 30. Kg2 Red8 31. h3 h5 32. f4 gxf3+ 33. Nxf3 f6 34. Nxe5 fxe5 35. e4 Rd4 36. Kf3 Rf8+ 37. Ke3 Rf1 38. Rdxd3 Re1+ 39. Kf3 Rexe4 40. Rxd4 Rxd4 41. Rc7+ Kf6 42. Rxb7 a5 43. a4 Rd3+ 44. Kf2 Kf5 45. b4 axb4 46. Rxb4 Ra3 47. g4+ hxg4 48. hxg4+ Kg5 49. Ke2 Rg3 50. Re4 Kf6 51. Kd2 Ra3 52. Kc2 Kg5 53. Kb2 Rg3 54. a5 Rd3 55. a6 Rd6 56. Rxe5+ Kxg4 57. Ra5 Rb6+ 58. Kc3 Rb8 59. a7 Ra8 60. Kc4 Kf4 61. Kc5 1-0